|
|
|
|
| LEADER |
00000cam a2200000 7i4500 |
| 001 |
0000016073 |
| 005 |
20080424.0 |
| 008 |
080421 |
| 020 |
|
|
|a 9833364233
|
| 090 |
0 |
0 |
|a 658.800254678
|b KEL
|
| 100 |
1 |
|
|a Kelly Jason
|
| 245 |
1 |
4 |
|a The neatest little guide to making money online
|c Jason Kelly
|
| 260 |
|
|
|a New York :
|b True Wealth ,
|c 2006
|
| 650 |
|
0 |
|a Business enterpries
|x computer networks
|
| 650 |
|
0 |
|a Electronic commerce
|
| 650 |
|
0 |
|a Internet marketing
|
| 650 |
|
0 |
|a World Wide Web (Information retrivel system)
|
| 999 |
|
|
|a 0000936624
|b Book
|c Adult Collection
|e Cawangan Bandar Tenggara
|
| 999 |
|
|
|a 0001018827
|b Book
|c Adult Collection
|e Perbadanan Perpustakaan Awam Johor
|
| 999 |
|
|
|a 0001018829
|b Book
|c Adult Collection
|e Perbadanan Perpustakaan Awam Johor
|